Name Every Sidemen Among Us Guest (incl. Sidemen) - Statistics

General Stats
  • This quiz has been taken 731 times
  • The average score is 31 of 55
Answer Stats
Answer % Correct
Harry
94%
JJ
94%
Josh
94%
Simon
94%
Tobi
94%
Vik
94%
Ethan
93%
Deji
90%
Ali A
89%
Lazarbeam
87%
Lachlan
86%
Calfreezy
84%
Callux
80%
Danny Aarons
71%
Mr Beast
69%
Chip
68%
ChrisMD
66%
JME
66%
Pewdiepie
66%
Ginge
65%
George Clarke
63%
Arthur TV
61%
Ninja
57%
Viz
57%
Chandler
55%
AB
54%
Pie Face
54%
Karl
52%
Tommy Innit
52%
Marlon
51%
Anita
50%
Courage
49%
Dream
49%
Jack SepticEye
48%
WillNE
46%
Joe Weller
45%
Ellum
43%
Theo Baker
43%
Milk In A Bag
41%
Max Fosh
38%
Wilbur
36%
Jynxzi
33%
Tubbo
33%
Jarvis
29%
Muselk
29%
Randolf
28%
Fresh
27%
Liam
27%
Memeulous
27%
Tom Syndicate
27%
Apex
26%
Kay
25%
Jach Sucks at Life
23%
Finn
21%
Ciaran
20%
No matching quizzes found
Score Distribution
Percent of People with Each Score
Percentile by Number Answered
Your Score History
You have not taken this quiz